000 00524nam a22001817a 4500
003 UA-OsUOA
001 15779
007 ta
008 20031208b un ||||| |||| 00| 0 ukr d
100 _aАндрійчук Є.
942 _cSA
040 _aUA-OsUOA
_cUA-OsUOA
_dUA-OsUOA
245 _aЗростають обсяги інвестицій [в обл.]
300 _aС.1
955 _a0
773 0 _w0
_tВісті Рівненщини
_dРівне
_d2003
_g№96/97/21 листоп./
650 7 _aІнвестиції
_2UDC
999 _c301944
_d301944